1583 1886 1180 1922 1352 1315 1455 1205 1714 1816 1263 1369 1506 1682 1123 1938 1494 1220 1673 1204 1283 1770 1516 1624 1400 1687 1916 1314 1272 1566 1405 1101 1326 1573 1463 1024 1296 1485 1769 1040 1549 1832 1785 1886 1142 1452 1955 1446 1875 1279 1796 1083 1097 1903 1678 1035 1671 1691 1013 1513 1027 1703 1519 1263 1167 1732 1847 1053 1384 1810 1900 1287 1713 1026 1554 1883 1504 1564 1735 1417 1370 1866 1965 1160 1876 1410 1816 1347 1675 1255 1913 1811 1725 1440 1201 1362 1006 1788 1147 BCNSPRNW ULIB Ver.6.0+V

เปลี่ยนเป็นภาษาไทย

Change to English
 แสดงรายละเอียดบรรณานุกรม
  กลับหน้าหลัก

Brief Record : Get Marc (ISO 2709) : E-mail record : QR code < ปิดหน้าต่าง
LEADER : 00000nam 2200000uu 4500
001    13399122012
003     ULIB
008    121219s2551||||th 000 0 tha d
020    9789741149339
060  4 WY100^bค111
110 1  คณะพยาบาลศาสตร์ มหาวิทยาลัยสงขลานครินทร์
245 00 การพยาบาลเพื่อดุลยภาพชีวิตในความหลากหลายทางวัฒนธรรม/^cคณะพยาบาลศาสตร์ มหาวิทยาลัยสงขลานครินทร์
246 0  Nursing for living harmoniously in cultural diversity
260    สงขลา:^bลิมบราเดอร์การพิมพ์,^c2551
300    153 หน้า:^bภาพประกอบ
650  0 การพยาบาล^xสุขภาพ
945    ^p0^l0^i033227
995    เกษร
999    ^aใช้งานได้ทุกระบบ
รายการนี้ยังไม่มีแท็ก
คุณยังไม่ได้ล็อกอิน คุณสามารถมีกิจกรรมร่วมกับเว็บไซต์ได้ แต่ต้องล็อกอินก่อน ::
  ล็อกอิน

รายการสื่อสารสนเทศ

ลำดับที่ ประเภท เลขเรียก/บาร์โค้ด สถานที่ สถานะ
1. วิทยาศาสตร์การแพทย์ และสุขภาพ
หนังสือสำรอง
สถานะ=หนังสือสำรอง
WY100 ค111 ฉ.1 
  Barcode: 033227
ห้องสมุดวิทยาเขตสวรรค์ประชารักษ์
►หนังสือทั่วไป
บนชั้น

BibComment


ยังไม่เคยถูกคอมเมนท์

คอมเมนท์ทรัพยากรรายการนี้
  คอมเมนท์: การพยาบาลเพื่อดุล..


 Copyright 2026. Bcnsprnw @Library